1974 1863 1976 1333 1920 1985 1620 1207 1468 1976 1674 1566 1309 1716 1132 1634 1222 1780 1471 1996 1356 1907 1859 1755 1683 1180 1515 1152 1012 1770 1100 1251 1900 1520 1143 1762 1496 1475 1782 1682 1960 1821 1609 1298 1841 1768 1471 1262 1048 1743 1298 1692 1172 1149 1397 1419 1695 1831 1211 1926 1196 1993 1712 1039 1037 1953 1285 1130 1812 1412 1111 1565 1070 1109 1525 1334 1729 1390 1581 1201 1210 1955 1799 1954 1363 1819 1197 1280 1780 1550 1426 1027 1209 1595 1847 1410 1950 1553 1448 BCNSPRNW ULIB Ver.6.0+V

เปลี่ยนเป็นภาษาไทย

Change to English
 แสดงรายละเอียดบรรณานุกรม
  กลับหน้าหลัก

Brief Record : Get Marc (ISO 2709) : E-mail record : QR code < ปิดหน้าต่าง
LEADER : 00000nam 2200000uu 4500
001    13399115121
003     ULIB
008    120710s2552||||th 000 0 tha d
020    ^a9786115210084
090    ^aนว.^bม290ผ 2552
100 0  ^aมักเน
245 00 ^aแผนรัก..ลิขิตใจ/^cมักเน
250    ^aพิมพ์ครั้งที่ 1
260    ^aกรุงเทพฯ :^bมธุรดา,^c2552
300    ^a346 หน้า
945    ^p0^l0^i15769
995    ^aกัณชพร
999    ^aใช้งานได้ทุกระบบ
รายการนี้ยังไม่มีแท็ก
คุณยังไม่ได้ล็อกอิน คุณสามารถมีกิจกรรมร่วมกับเว็บไซต์ได้ แต่ต้องล็อกอินก่อน ::
  ล็อกอิน

รายการสื่อสารสนเทศ

ลำดับที่ ประเภท เลขเรียก/บาร์โค้ด สถานที่ สถานะ
1. นวนิยาย
นวนิยาย
นว. ม290ผ 2552  
  Barcode: 15769
ห้องสมุดวิทยาเขตสวรรค์ประชารักษ์
►นวนิยาย
บนชั้น
  ขอยืม

รายการใกล้เคียง
    ผู้แต่ง [มักเน]

BibComment


ยังไม่เคยถูกคอมเมนท์

คอมเมนท์ทรัพยากรรายการนี้
  คอมเมนท์: แผนรักลิขิตใจ มั..


 Copyright 2026. Bcnsprnw @Library